000 00575 a2200181 4500
020 _a0750624698
020 _a9780750624695
082 0 4 _a530.133
090 _c744
_d744
100 1 _aPathria, R K.
245 1 0 _aStatistical mechanics, second edition /
_cR K Pathria.
250 _a2nd ed.
260 _a[S.l.] :
_bButterworth-Heinemann,
_c1996.
300 _a576 p. ;
_c24 cm.
700 _aPathria, R K.
942 _aSNS
_cBK
_k530.133 PAT
999 _c29371
_d29371